书目信息 |
| 题名: |
微观茶花
|
|
| 作者: | 张亚利 著 | |
| 分册: | ||
| 出版信息: | 北京 中国建筑工业出版社 2018.03 |
|
| 页数: | 243页 | |
| 开本: | 26cm | |
| 丛书名: | ||
| 单 册: | ||
| 中图分类: | S685.140.6 | |
| 科图分类: | ||
| 主题词: | 观赏园艺 , 花卉 , 园林树木 | |
| 电子资源: | ||
| ISBN: | 7-112-21856-X | |
| 000 | 00700nam0 2200229 450 | |
| 001 | 1938498655 | |
| 005 | 20190305104651.30 | |
| 010 | @a7-112-21856-X@dCNY178.00 | |
| 100 | @a20190305d2018 km y0chiy0120 ea | |
| 101 | 0 | @achi |
| 102 | @aCN@b110000 | |
| 200 | 1 | @a微观茶花@AWei Guan Cha Hua@e束花茶花发展简纪@f张亚利等著@FZhang Ya Li Deng Zhu |
| 210 | @a北京@c中国建筑工业出版社@d2018.03 | |
| 215 | @a243页@d26cm | |
| 517 | 1 | @a束花茶花发展简纪@AShu Hua Cha Hua Fa Zhan Jian Ji |
| 606 | 0 | @a观赏园艺 |
| 606 | 0 | @a花卉 |
| 606 | 0 | @a园林树木 |
| 690 | @aS685.140.6@v4 | |
| 701 | 0 | @a张亚利@AZhang Ya Li@4著 |
| 801 | 0 | @aCN@b大连网信软件有限公司图书馆·11@c20190305 |
| 905 | @aZUCC@dS685.140.6@eZ223 | |
| 微观茶花:束花茶花发展简纪/张亚利等著.-北京:中国建筑工业出版社,2018.03 |
| 243页;26cm |
| ISBN 7-112-21856-X:CNY178.00 |
| ● |
| 相关链接 |
|
|
|
正题名:微观茶花
索取号:S685.140.6/Z223
 
预约/预借
| 序号 | 登录号 | 条形码 | 馆藏地/架位号 | 状态 | 备注 |
| 1 | 1304757 | 213047576 | 自科库401/401自科库 68排3列3层/ [索取号:S685.140.6/Z223] | 在馆 |